A házasságfelbontások alakulása Magyarországon a II. világháború után

Elmentve itt :
Bibliográfiai részletek
Szerző: Szilágyi Lajos
További közreműködők: Balázs József (Témavezető)
Dokumentumtípus: Szakdolgozat
Megjelent: 1993
Tárgyszavak:
Online Access:http://diploma.bibl.u-szeged.hu/23012
LEADER 00591nta a2200157 i 4500
001 dipl23012
005 20130314081743.0
008 110916s1993 hu om 0|| zxx d
040 |a SZTE Diploma Repozitórium  |b hun 
041 |a zxx 
100 1 |a Szilágyi Lajos 
245 1 2 |a A házasságfelbontások alakulása Magyarországon a II. világháború után  |h [elektronikus dokumentum] /  |c Lajos Szilágyi 
260 |c 1993 
650 4 |a Jogi és igazgatási tanulmányok 
700 1 |a Balázs József  |e ths 
856 4 0 |u http://diploma.bibl.u-szeged.hu/id/eprint/23012/1/1993_szilagyi_lajos.pdf  |z Dokumentum-elérés